00631nam a2200241 a 4500001001300000003000900013005001700022008004100039020001000080082001300090100001500103245003100118260003200149300000900181500003500190505001000225650001600235700001500251902000800266942000700274952009300281999001500374nice12345678IN_TiNIC20260116011537.0050524s1945 lona grp 000 0 per  ac10000a239bALL aAllen, C H aAz Sargardani Ta Rustgari. aLondon bNo Publisherc1945 a138p aincludes index and biblioraphy2 aIndex aApologetics1 aAllen, C H bSRS cBK 00104070aHMIbHMId2007-06-21g100.00l0o239 ALLp4412r2007-06-21w2026-01-16yARB c2479d2479